|
|
|
|
| LEADER |
00000nam a2200000 a 4500 |
| 001 |
vtls001340199 |
| 003 |
SK-MaSNL |
| 005 |
20260223180313.0 |
| 008 |
180129s1914 xo 0 und |
| 035 |
|
|
|a SNK000293285
|
| 040 |
|
|
|a SNK
|b slo
|c SNK
|e AACR2
|
| 044 |
|
|
|a xo
|c SK
|
| 245 |
1 |
|
|a Verše, ktoré nad rakvou v Pánu zosnulého Konštantína, Jozefa, Michala Erdélskeho, ev. a. v. Božieho kazateľa novomestského
|
| 260 |
|
|
|a Myjava
|b Daniel Pažický
|c 1914
|
| 300 |
|
|
|a 8 s.
|
| 999 |
|
|
|c 644439
|d 646369
|
| 952 |
|
|
|a SNK
|b SNK
|y PREZ
|7 0
|p 17A0469111
|o snkSD 11152
|i snk4268/56
|3 rekatalogizácia
|0 0
|1 0
|4 0
|d 2006-10-22
|l 0
|r 2025-11-25 00:00:00
|w 2026-02-23
|
| 952 |
|
|
|t P60, <04>, [BOOK], {604}
|a SNK
|b SNK
|y VYP
|7 0
|p 17A0155630
|o snkSD 11152 D2
|i snkK 3564/77
|0 0
|1 0
|4 0
|d 1998-08-24
|l 0
|r 2005-01-02 00:00:00
|w 2026-02-23
|
| 952 |
|
|
|t P60, <04>, [BOOK], {604}
|a SNK
|b SNK
|y VYP
|7 0
|p 17A0452978
|o snkSD 11152 D1
|i snkK 1588/75
|0 0
|1 0
|4 0
|d 2004-12-02
|l 0
|r 2005-01-02 00:00:00
|w 2026-02-23
|